000 00761nam a2200229Ia 4500
003 OSt
005 20220926021332.0
006 a|||||r|||| 00| 0
007 ta
008 220923b |||||||| |||| 00| 0 eng d
037 _cGeneral Book
040 _aRTL
_cRTL
_beng
041 _2eng
_aeng
082 _aV145 , 3 : 3 . N89 <--N84, M4
110 _aUNITED NATIONS , GENERAL ASSEMBLY
_999298
245 0 _aOffical record
_b thirty -ninth session proposed revison to the mediuam term plan for the period 1984 - 89
260 _aNew York
_bUN
_c1984
300 _aIV, 75p
_ccm.
700 _aUNITED NATIONS , GENERAL ASSEMBLY
_999299
942 _hV145 , 3 : 3 . N89 <--N84, M4
_cGB
_2CC
999 _c636515
_d636515